[Event "Nichelino op 14th"]
[Site "Nichelino"]
[Date "2013.10.06"]
[Round "4"]
[White "Brandola, Davide"]
[Black "Llupa, Oltjon"]
[Result "0-1"]
[WhiteElo "1912"]
[BlackElo "1939"]
[PlyCount "106"]
[EventDate "2013.10.04"]
[EventType "swiss"]
[EventRounds "5"]
[EventCountry "ITA"]
[SourceTitle "EXT 2015"]
[Source "ChessBase"]
[SourceDate "2014.11.20"]
[SourceVersion "1"]
[SourceVersionDate "2014.11.20"]
[SourceQuality "1"]

1. d4 d5 2. Nf3 e6 3. g3 Nf6 4. Bg2 c6 5. 0-0 Bd6 6. c4 Nbd7 7. Nc3 0-0 8. Qc2 b6 9. Re1 Bb7 10. e4 dxe4 11. Ng5 h6 12. Ngxe4 Nxe4 13. Nxe4 Bb4 14. Nc3 Nf6 15. Be3 Ng4 16. Rad1 Nxe3 17. Rxe3 Rc8 18. Ne2 Be7 19. Qb3 Qc7 20. Nc3 Bg5 21. Ree1 Bf6 22. Ne4 Be7 23. Nc3 Bf6 24. Ne4 Be7 25. Nc3 Rfd8 26. d5 exd5 27. cxd5 Bf8 28. dxc6 Bxc6 29. Nd5 Qb7 30. Nf4 Bxg2 31. Nxg2 Bc5 32. Nf4 Rxd1 33. Qxd1 a5 34. Nd5 Kf8 35. Qd3 Re8 36. Rxe8+ Kxe8 37. Qf3 Qc6 38. Kg2 Kf8 39. h4 g6 40. Ne3 Qxf3+ 41. Kxf3 h5 42. Ke4 Ke7 43. Kd5 f6 44. Ke4 Ke6 45. f3 f5+ 46. Kd3 Bd6 47. f4 Bc5 48. a4 Bb4 49. Nc2 Bc5 50. Ne3 Kd6 51. Nc4+ Kd5 52. Ne3+ Bxe3 53. Kxe3 Kc4 0-1